[Event "94th Paris-ch  2019"]
[Site "Paris"]
[Date "2019.07.09"]
[Round "4.20"]
[White "Eden, James"]
[Black "Cotonnec, Melkior"]
[Result "0-1"]
[WhiteElo "2343"]
[BlackElo "2293"]
[Annotator "NA"]
[PlyCount "76"]
[EventDate "2019.07.07"]
[EventType "swiss"]
[EventCountry "FRA"]
[SourceTitle "playchess.com"]
[Source "ChessBase"]
[SourceDate "2019.07.09"]
[SourceQuality "1"]
[TimeControl "5400+30"]

1. d4 {[%emt 0:08:52]} d5 {[%emt 0:11:58]} 2. Bf4 {[%emt 0:00:26]} Nf6 {[%emt 0:01:12]} 3. e3 {[%emt 0:00:20]} c5 {[%emt 0:03:23]} 4. c3 {[%emt 0:03:09]} e6 {[%emt 0:02:13]} 5. Nf3 {[%emt 0:00:49]} Bd6 {[%emt 0:00:19]} 6. Bg3 {[%emt 0:01:49]} Qc7 {[%emt 0:00:44]} 7. Nbd2 {[%emt 0:02:44]} Nbd7 {[%emt 0:01:28]} 8. Bd3 {[%emt 0:07:22]} O-O {[%emt 0:04:11]} 9. Qc2 {[%emt 0:09:15]} h6 {[%emt 0:21:20]} 10. Bxd6 {[%emt 0:06:26]} Qxd6 {[%emt 0:01:17]} 11. O-O {[%emt 0:00:19]} e5 {[%emt 0:00:44]} 12. dxe5 {[%emt 0:12:14]} Nxe5 {[%emt 0:00:04]} 13. Nxe5 {[%emt 0:01:03]} Qxe5 {[%emt 0:00:02]} 14. c4 {[%emt 0:00:57]} b6 {[%emt 0:06:04]} 15. cxd5 {[%emt 0:24:13]} Nxd5 {[%emt 0:00:18]} 16. Nc4 {[%emt 0:00:13]} Qe7 {[%emt 0:02:06]} 17. Be4 {[%emt 0:10:29]} Bb7 {[%emt 0:04:41]} 18. a3 {[%emt 0:00:29]} Rad8 {[%emt 0:03:27]} 19. Rad1 {[%emt 0:01:05]} Nf6 {[%emt 0:05:42]} 20. Bxb7 {[%emt 0:00:30]} Qxb7 {[%emt 0:00:02]} 21. Rd3 {[%emt 0:02:37]} Qc7 {[%emt 0:00:51]} 22. Rfd1 {[%emt 0:01:03]} b5 {[%emt 0:06:00]} 23. Nd6 {[%emt 0:00:44]} Qc6 {[%emt 0:06:11]} 24. Nxb5 {[%emt 0:04:43]} Rxd3 {[%emt 0:00:53]} 25. Qxd3 {[%emt 0:00:07]} Rb8 {[%emt 0:00:07]} 26. Nd6 {[%emt 0:00:25]} Rxb2 {[%emt 0:00:34]} 27. Qc4 {[%emt 0:01:53]} Qc7 {[%emt 0:05:10]} 28. h3 {[%emt 0:00:24]} Rb8 {[%emt 0:04:56]} 29. e4 {[%emt 0:00:45]} Rd8 {[%emt 0:00:47]} 30. e5 {[%emt 0:00:49]} Ne8 {[%emt 0:00:03]} 31. Qd5 {[%emt 0:03:16]} c4 {[%emt 0:00:16]} 32. Rd4 {[%emt 0:00:28]} c3 {[%emt 0:02:35]} 33. Rc4 {[%emt 0:00:21]} Qe7 {[%emt 0:04:45]} 34. Nc8 {[%emt 0:01:20]} Qg5 {[%emt 0:00:08]} 35. Qc5 {[%emt 0:00:20]} Rd1+ {[%emt 0:01:07]} 36. Kh2 {[%emt 0:00:02]} c2 {[%emt 0:00:24]} 37. Ne7+ {[%emt 0:02:10]} Kh7 {[%emt 0:00:32]} 38. h4 {[%emt 0:03:17]} Qh5 {[%emt 0:04:11]} 0-1

[Event "94th Paris-ch  2019"]
[Site "Paris"]
[Date "2019.07.09"]
[Round "4.21"]
[White "Douriet Duany, Alexis"]
[Black "Jeet, Jain"]
[Result "1-0"]
[WhiteElo "2247"]
[BlackElo "2258"]
[Annotator "NA"]
[PlyCount "183"]
[EventDate "2019.07.07"]
[EventType "swiss"]
[EventCountry "FRA"]
[SourceTitle "playchess.com"]
[Source "ChessBase"]
[SourceDate "2019.07.09"]
[SourceQuality "1"]
[TimeControl "5400+30"]

1. d4 {[%emt 0:07:02]} c5 {[%emt 0:00:13]} 2. e3 {[%emt 0:01:15]} Nf6 {[%emt 0:00:54]} 3. Nf3 {[%emt 0:00:12]} e6 {[%emt 0:00:57]} 4. Nbd2 {[%emt 0:00:22]} d5 {[%emt 0:01:15]} 5. Bd3 {[%emt 0:00:28]} Nc6 {[%emt 0:00:57]} 6. c3 {[%emt 0:00:01]} Bd6 {[%emt 0:00:32]} 7. Qe2 {[%emt 0:09:17]} O-O {[%emt 0:00:58]} 8. O-O {[%emt 0:00:57]} b6 {[%emt 0:00:52]} 9. e4 {[%emt 0:02:10]} Be7 {[%emt 0:00:59]} 10. e5 {[%emt 0:03:18]} Nh5 {[%emt 0:00:53]} 11. g3 {[%emt 0:06:57]} g6 {[%emt 0:00:51]} 12. Rd1 {[%emt 0:15:16]} Ng7 {[%emt 0:01:29]} 13. Nf1 {[%emt 0:00:43]} Bb7 {[%emt 0:04:13]} 14. a3 {[%emt 0:04:30]} a5 {[%emt 0:03:07]} 15. h4 {[%emt 0:02:07]} f6 {[%emt 0:00:54]} 16. Bh6 {[%emt 0:11:48]} cxd4 {[%emt 0:05:44]} 17. Nxd4 {[%emt 0:15:18]} Nxd4 {[%emt 0:07:20]} 18. cxd4 {[%emt 0:00:09]} fxe5 {[%emt 0:00:12]} 19. Qxe5 {[%emt 0:00:37]} Bf6 {[%emt 0:01:08]} 20. Qe3 {[%emt 0:00:19]} Re8 {[%emt 0:01:46]} 21. Bxg7 {[%emt 0:01:10]} Bxg7 {[%emt 0:00:13]} 22. Bb5 {[%emt 0:00:21]} Re7 {[%emt 0:01:09]} 23. f4 {[%emt 0:00:48]} Qd6 {[%emt 0:05:02]} 24. Nh2 {[%emt 0:04:48]} Rc8 {[%emt 0:00:44]} 25. Nf3 {[%emt 0:01:34]} Rc2 {[%emt 0:02:00]} 26. Rd2 {[%emt 0:00:08]} Rec7 {[%emt 0:00:23]} 27. Re1 {[%emt 0:00:28]} Bc8 {[%emt 0:00:28]} 28. Bd3 {[%emt 0:00:36]} Rxd2 {[%emt 0:03:16]} 29. Qxd2 {[%emt 0:00:07]} Bf6 {[%emt 0:00:08]} 30. Kg2 {[%emt 0:00:28]} Bd7 {[%emt 0:01:11]} 31. Qe2 {[%emt 0:00:32]} Qc6 {[%emt 0:00:46]} 32. h5 {[%emt 0:01:46]} Kg7 {[%emt 0:01:45]} 33. hxg6 {[%emt 0:00:14]} hxg6 {[%emt 0:00:47]} 34. Ne5 {[%emt 0:00:01]} Qa4 {[%emt 0:01:15]} 35. Qg4 {[%emt 0:00:45]} Kf8 {[%emt 0:02:25]} 36. Qxg6 {[%emt 0:03:34]} Bxe5 {[%emt 0:00:10]} 37. fxe5 {[%emt 0:00:16]} Be8 {[%emt 0:00:14]} 38. Rf1+ {[%emt 0:02:10]} Rf7 {[%emt 0:00:15]} 39. Qxe6 {[%emt 0:01:26]} Rxf1 {[%emt 0:00:23]} 40. Qh6+ {[%emt 0:01:10]} Kg8 {[%emt 0:01:35]} 41. Bh7+ {[%emt 0:00:33]} Kf7 {[%emt 0:00:07]} 42. Qh5+ {[%emt 0:04:06]} Kg7 {[%emt 0:01:05]} 43. Qg4+ {[%emt 0:00:34]} Kxh7 {[%emt 0:00:12]} 44. Kxf1 {[%emt 0:00:09]} Qc4+ {[%emt 0:01:23]} 45. Kg2 {[%emt 0:00:37]} Qc2+ {[%emt 0:00:08]} 46. Kg1 {[%emt 0:00:33]} Qc1+ {[%emt 0:04:27]} 47. Kg2 {[%emt 0:00:11]} Qd2+ {[%emt 0:00:19]} 48. Kg1 {[%emt 0:00:23]} Qe1+ {[%emt 0:00:19]} 49. Kh2 {[%emt 0:00:11]} Qf2+ {[%emt 0:00:28]} 50. Kh3 {[%emt 0:00:06]} Bg6 {[%emt 0:00:28]} 51. Qd7+ {[%emt 0:02:31]} Qf7 {[%emt 0:00:25]} 52. Qd8 {[%emt 0:00:34]} Qf1+ {[%emt 0:00:45]} 53. Kh4 {[%emt 0:00:26]} Qf3 {[%emt 0:29:03]} 54. Qe7+ {[%emt 0:01:06]} Kh6 {[%emt 0:04:26]} 55. Qg5+ {[%emt 0:00:12]} Kg7 {[%emt 0:00:04]} 56. Qe7+ {[%emt 0:00:27]} Qf7 {[%emt 0:01:10]} 57. Qd6 {[%emt 0:00:24]} Qf5 {[%emt 0:01:45]} 58. Qe7+ {[%emt 0:00:50]} Kh6 {[%emt 0:01:18]} 59. g4 {[%emt 0:00:25]} Qf2+ {[%emt 0:00:03]} 60. Kh3 {[%emt 0:00:24]} Be4 {[%emt 0:02:49]} 61. Qd6+ {[%emt 0:00:31]} Kg5 {[%emt 0:00:23]} 62. Qe7+ {[%emt 0:00:14]} Kg6 {[%emt 0:03:49]} 63. Qd6+ {[%emt 0:00:10]} Kg7 {[%emt 0:00:54]} 64. Qc7+ {[%emt 0:00:22]} Qf7 {[%emt 0:01:46]} 65. Qxb6 {[%emt 0:00:22]} Qf3+ {[%emt 0:02:35]} 66. Kh4 {[%emt 0:00:14]} Bg6 {[%emt 0:00:32]} 67. Qc7+ {[%emt 0:00:30]} Bf7 {[%emt 0:00:02]} 68. Qa7 {[%emt 0:01:45]} Kg6 {[%emt 0:01:50]} 69. Qb6+ {[%emt 0:00:20]} Kh7 {[%emt 0:00:01]} 70. Qc7 {[%emt 0:00:19]} Kg7 {[%emt 0:00:34]} 71. Qb6 {[%emt 0:00:44]} a4 {[%emt 0:00:15]} 72. Qa7 {[%emt 0:00:39]} Qf4 {[%emt 0:00:26]} 73. Kh3 {[%emt 0:00:28]} Qe3+ {[%emt 0:00:39]} 74. Kh4 {[%emt 0:00:10]} Qg1 {[%emt 0:00:19]} 75. Kh3 {[%emt 0:00:19]} Qf1+ {[%emt 0:00:17]} 76. Kg3 {[%emt 0:00:11]} Qe1+ {[%emt 0:00:59]} 77. Kh3 {[%emt 0:00:13]} Qe3+ {[%emt 0:00:15]} 78. Kh4 {[%emt 0:00:13]} Qf3 {[%emt 0:00:36]} 79. Qe7 {[%emt 0:01:54]} Qf4 {[%emt 0:01:00]} 80. Kh3 {[%emt 0:00:17]} Qh6+ {[%emt 0:01:10]} 81. Kg3 {[%emt 0:00:14]} Qe6 {[%emt 0:00:43]} 82. Qa7 {[%emt 0:00:26]} Qc6 {[%emt 0:00:18]} 83. Qe7 {[%emt 0:00:22]} Qb6 {[%emt 0:00:23]} 84. Kh4 {[%emt 0:01:01]} Qh6+ {[%emt 0:01:01]} 85. Kg3 {[%emt 0:00:09]} Qe3+ {[%emt 0:00:17]} 86. Kh4 {[%emt 0:00:36]} Qe4 {[%emt 0:01:03]} 87. Qf6+ {[%emt 0:00:10]} Kg8 {[%emt 0:00:07]} 88. Qd8+ {[%emt 0:00:39]} Kh7 {[%emt 0:00:03]} 89. Qe7 {[%emt 0:00:14]} Qg6 {[%emt 0:00:05]} 90. Qa7 {[%emt 0:00:34]} Kh6 {[%emt 0:00:11]} 91. Qe7 {[%emt 0:00:19]} Be6 {[%emt 0:00:44]} 92. g5+ {[%emt 0:00:10]} 1-0

[Event "94th Paris-ch  2019"]
[Site "Paris"]
[Date "2019.07.10"]
[Round "5.1"]
[White "Flom, Gabriel"]
[Black "Moussard, Jules"]
[Result "0-1"]
[WhiteElo "2494"]
[BlackElo "2576"]
[Annotator "RC"]
[PlyCount "57"]
[EventDate "2019.07.07"]
[EventType "swiss"]
[EventCountry "FRA"]
[SourceTitle "playchess.com"]
[Source "ChessBase"]
[SourceQuality "1"]
[TimeControl "5400+30"]

1. d4 f5 2. c4 Nf6 3. Nc3 d6 4. Nf3 g6 5. g3 Bg7 6. Bg2 O-O 7. O-O c6 8. d5 e5 9. dxe6 Bxe6 10. b3 Na6 11. Ng5 Bc8 12. Bb2 Qe7 13. Qc2 h6 14. Nf3 Be6 15. Rad1 Rad8 16. Nh4 Bf7 17. e3 Nc5 18. Bh3 Nfe4 19. Ne2 Bxb2 20. Qxb2 Qf6 21. Qa3 a5 22. Nd4 a4 23. Bg2 Rfe8 24. Rfe1 Nc3 25. Rd2 axb3 26. axb3 Ra8 27. Qb2 N5e4 28. Bxe4 Nxe4 29. Rc2 0-1

[Event "94th Paris-ch  2019"]
[Site "Paris"]
[Date "2019.07.10"]
[Round "5.2"]
[White "Samoun, Florent"]
[Black "Sochacki, Christophe"]
[Result "1/2-1/2"]
[WhiteElo "2230"]
[BlackElo "2481"]
[Annotator "TA"]
[PlyCount "63"]
[EventDate "2019.07.07"]
[EventType "swiss"]
[EventCountry "FRA"]
[SourceTitle "playchess.com"]
[Source "ChessBase"]
[SourceQuality "1"]

{[%evp 23,63,12,12,14,4,8,9,18,83,111,145,92,81,71,81,81,74,84,62,64,75,80,79,74,79,57,67,25,122,50,98,42,91,77,90,90,86,0,0,0,90,0]} 1. e4 e5 2. Nf3 Nc6 3. Bb5 a6 4. Ba4 Nf6 5. d3 b5 6. Bb3 Be7 7. O-O d6 8. c3 O-O 9. Re1 Na5 10. Bc2 c5 11. Nbd2 Nc6 12. Nf1 Be6 13. Ng3 {C90: Closed Ruy Lopez with 7...d6: Early deviations} (13. Ne3 h6 14. h3 Re8 15. a4 b4 16. Bb3 Rb8 17. Bc4 Qc8 18. Nh2 bxc3 19. bxc3 Na5 20. Bxe6 fxe6 {½-½ (75) Fressinet,L (2712)-Sargissian,G (2689) Reykjavik 2015}) 13... h6 14. h3 Qc7 15. Nh4 {The position is equal.} Nxe4 (15... Rfc8 $11 {remains equal.}) 16. Rxe4 $16 f5 17. Bb3 $146 (17. Nhxf5 $142 Bxf5 18. Nxf5 Rxf5 19. d4 $1 {[%mdl 512]}) ({Predecessor:} 17. Nhxf5 Bxf5 18. Nxf5 Rxf5 19. d4 cxd4 20. Rg4 Rf6 21. Qd3 Bf8 22. Qh7+ Kf7 23. cxd4 Nxd4 24. Rxd4 {1-0 (24) Terzi,A (2237)-Kusenkova,N (2062) Minsk 2017}) 17... Bxb3 18. Qxb3+ c4 19. Rxc4 bxc4 20. Qxc4+ Rf7 {aiming for ...d5.} 21. Nhxf5 Bf8 $1 22. Ne3 Qb7 23. Qd5 a5 24. a4 Rb8 25. Nc4 Kh8 {[#]} (25... Nd8 $1 $11 26. Qxb7 (26. Qxa5 d5 $17) 26... Nxb7) 26. Ne4 (26. Nxa5 $6 Nxa5 27. Qxa5 Qb3 $11) (26. Be3 $1 $16) 26... Rd7 27. f4 ({Not} 27. Nexd6 Bxd6 28. Nxd6 Qc7 $17) ({Better is} 27. Be3 $16) 27... Qc7 28. f5 Ne7 29. Qe6 ({Much weaker is} 29. Qxa5 d5 $11) 29... Nc6 {White must now prevent ...d5.} 30. Qd5 ({White should play} 30. Ne3 $16) 30... Ne7 $11 31. Qe6 (31. Qxa5 $11 d5 32. Qxc7 Rxc7 33. Nxe5 dxe4 34. dxe4) 31... Nc6 $16 {Strongly threatening ...d5.} 32. Qd5 {Accuracy: White = 35%, Black = 42%.} (32. Ne3 $16) 1/2-1/2

[Event "94th Paris-ch  2019"]
[Site "Paris"]
[Date "2019.07.10"]
[Round "5.3"]
[White "Guliyev, Namig"]
[Black "Bergez, Luc"]
[Result "1-0"]
[WhiteElo "2551"]
[BlackElo "2308"]
[Annotator "TA"]
[PlyCount "56"]
[EventDate "2019.07.07"]
[EventType "swiss"]
[EventCountry "FRA"]
[SourceTitle "playchess.com"]
[Source "ChessBase"]
[SourceQuality "1"]

{[%evp 21,56,3,26,0,19,0,0,0,0,0,38,38,45,44,75,39,64,26,26,22,106,117,119,97,150,92,119,111,147,122,165,157,164,162,165,149,181]} 1. e4 c6 2. d4 d5 3. Nc3 dxe4 4. Nxe4 Nf6 5. Nxf6+ exf6 6. c3 Bd6 7. Bd3 O-O 8. Qc2 Re8+ 9. Ne2 h6 10. Be3 Nd7 11. O-O-O Qc7 12. Ng3 {B15: Caro-Kann: 3 Nc3: 3...g6 and 3...dxe4 4 Nxe4 Nf6 5 Nxf6+ exf6} (12. Kb1 b5 13. Ng3 a5 14. Nh5 Bf8 15. Bf4 Qd8 16. Be4 Bb7 17. g4 Nb6 18. Rhe1 Nd5 19. Bc1 a4 {1-0 (62) Cuhendi,S (2404)-Ivanov,M (2399) Novi Sad 2017}) 12... b5 13. Rhe1 $146 ({Predecessor:} 13. Rde1 Nb6 14. Bxh6 Be6 15. Bd2 Nc4 16. Bxc4 Bxc4 17. b3 Bd5 18. Ne4 Bf4 19. f3 f5 20. Bxf4 Qxf4+ {½-½ (27) Bravo Lutz,S (1630)-Zeidler,S (1772) Warsaw 2005}) 13... Nb6 14. Bxh6 {The position is equal.} Bg4 {White must now prevent ...Bxg3.} 15. f3 gxh6 16. fxg4 {aiming for Nh5.} Bxg3 17. hxg3 Qxg3 18. Qd2 Kg7 19. Rxe8 (19. Rh1 $5 {[%cal Rd2h6]} Qe3 20. Rh5 $14) 19... Rxe8 20. Rh1 $40 {[%mdl 128] White has some attack.} Qe3 (20... Rh8 $11 {keeps the balance.}) 21. Qxe3 $16 Rxe3 {[%mdl 4096] Endgame KRB-KRN} 22. Kd2 Nd5 (22... Re6 $142) 23. Rh3 ({Better is} 23. Be2 $1) 23... Re8 24. Rf3 Re7 25. Rf5 a6 {[#]} 26. Be2 $1 {White is clearly better.} Re6 {[#]} 27. Bf3 $1 Rd6 28. b3 b4 {Accuracy: White = 54%, Black = 42%.} 1-0

[Event "94th Paris-ch  2019"]
[Site "Paris"]
[Date "2019.07.10"]
[Round "5.4"]
[White "Abergel, Thal"]
[Black "Shchekachev, Andrei"]
[Result "1/2-1/2"]
[WhiteElo "2450"]
[BlackElo "2531"]
[Annotator "ChessBase"]
[PlyCount "30"]
[EventDate "2019.07.07"]
[EventType "swiss"]
[EventCountry "FRA"]
[SourceTitle "playchess.com"]
[Source "ChessBase"]
[SourceQuality "1"]
[TimeControl "5400+30"]

1. Nf3 g6 2. d4 Nf6 3. Nbd2 Bg7 4. e4 O-O 5. e5 Ne8 6. Ne4 d6 7. Be2 Nc6 8. exd6 Nxd6 9. Ng3 e5 10. dxe5 Nxe5 11. O-O Re8 12. c3 Nxf3+ 13. Bxf3 Qh4 14. Be3 Be6 15. Qc1 Qc4 1/2-1/2

[Event "94th Paris-ch  2019"]
[Site "Paris"]
[Date "2019.07.10"]
[Round "5.5"]
[White "Stephan, Victor"]
[Black "Dixit, Nikhil"]
[Result "1-0"]
[WhiteElo "2358"]
[BlackElo "2318"]
[Annotator "TA"]
[PlyCount "47"]
[EventDate "2019.07.07"]
[EventType "swiss"]
[EventCountry "FRA"]
[SourceTitle "playchess.com"]
[Source "ChessBase"]
[SourceQuality "1"]

{[%evp 19,47,8,10,6,38,37,40,39,160,0,-2,-10,-27,-10,0,0,0,0,4,-22,0,0,94,88,111,102,182,170,214,219]} 1. d4 Nf6 2. c4 g6 3. Nc3 Bg7 4. e4 d6 5. Nf3 O-O 6. Be2 e5 7. O-O exd4 8. Nxd4 Re8 9. f3 Nc6 10. Nc2 Nh5 11. Nd5 {E94: King's Indian: Classical: 6 Be2 e5 7 0-0: Various Black 7th moves} f5 12. g4 Nf6 13. Bg5 {White is slightly better.} h6 $146 {[#]} (13... fxg4 $14 14. fxg4 Rf8) ({Predecessor:} 13... Ne5 14. f4 Nf7 15. Bxf6 Bxf6 16. exf5 gxf5 17. Nxf6+ Qxf6 18. g5 Qxb2 {1-0 (40) Sjugirov,S (2643)-Samusenko,M (2323) Izhevsk 2014}) 14. Nxf6+ $2 (14. Bxf6 $1 $16 Bxf6 15. Qd2) 14... Bxf6 $11 15. Bxh6 fxg4 16. fxg4 Be5 17. Qe1 Qe7 18. Qf2 Be6 19. Rad1 Qh7 20. Qe3 $36 {[%mdl 2048] Black is under pressure.} Nd8 (20... Bxb2 $11 21. Rb1 Bg7 22. Bxg7 Qxg7) 21. Nd4 $16 Nf7 22. Bf4 c5 {[#]} (22... Bxd4 $16 23. Qxd4 Qg7) 23. Nb5 $1 $18 Bxf4 24. Qxf4 1-0

[Event "94th Paris-ch  2019"]
[Site "Paris"]
[Date "2019.07.10"]
[Round "5.6"]
[White "Philippe, Guillaume"]
[Black "Albaric, Etienne"]
[Result "0-1"]
[WhiteElo "2344"]
[BlackElo "2225"]
[Annotator "TA"]
[PlyCount "49"]
[EventDate "2019.07.07"]
[EventType "swiss"]
[EventCountry "FRA"]
[SourceTitle "playchess.com"]
[Source "ChessBase"]
[SourceQuality "1"]

{[%evp 14,49,-14,-18,-12,-54,-22,-25,0,-5,-12,-33,-14,-2,0,0,12,0,0,0,0,0,117,117,235,240,379,374,402,381,422,368,373,376,380,372,382,362]} 1. f4 d5 2. Nf3 Nf6 3. g3 g6 4. Bg2 Bg7 5. O-O c5 6. d3 O-O 7. c3 Nc6 {[%cal Bb8c6,Bc6e7,Be7d5][%mdl 32]} 8. Na3 Re8 {A03: Bird's Opening with 1...d5} 9. h3 (9. Nh4 b6 10. e4 dxe4 11. Qa4 Qxd3 12. Qxc6 Bd7 13. Qc7 Ng4 14. Re1 Bd4+ 15. cxd4 Qxd4+ 16. Be3 Nxe3 {1-0 (58) Carlsen,M (2837)-Adams,M (2715) London 2017}) 9... d4 $146 ({Predecessor:} 9... a6 10. Qe1 e5 11. fxe5 Nxe5 12. Nxe5 Rxe5 13. Bf4 Re6 14. g4 Qe7 15. Qh4 h6 16. Bxh6 Bxh6 17. Qxh6 Rxe2 {0-1 (23) Seeman,T (2408)-Miezis,N (2527) Jyvaskyla 2006}) 10. Bd2 Nd5 {[%cal Rd4c3] Black has an edge.} 11. Qb3 e6 12. Rae1 Nce7 13. g4 Ne3 14. Bxe3 $1 dxe3 15. Ne5 Nd5 16. d4 Qh4 17. Nc2 (17. dxc5 {[#]} Nxf4 $1 {[%mdl 512]} 18. Qa4 Bxe5 $19) 17... g5 (17... h5 $11) 18. fxg5 $40 {[%mdl 128] White attacks with force.} c4 (18... Bxe5 $16 {might work better.} 19. dxe5 Qxg5) 19. Qxc4 $18 Qxg5 (19... Re7 {was worth a try.} 20. Qc5 Rc7) 20. Nxf7 Qh4 21. Nd6 Rd8 22. Bxd5 Qg3+ {White is winning.} 23. Bg2 {[#] Strongly threatening Nf5.} Qxd6 24. Nxe3 Kh8 25. Qc5 {[%mdl 32768] Accuracy: White = 65%, Black = 31%. . Loss on time!?} 0-1

[Event "94th Paris-ch  2019"]
[Site "Paris"]
[Date "2019.07.10"]
[Round "5.9"]
[White "Moksh Amit Doshi"]
[Black "Anand Nadar"]
[Result "1/2-1/2"]
[WhiteElo "2229"]
[BlackElo "2358"]
[Annotator "NA"]
[PlyCount "30"]
[EventDate "2019.07.07"]
[EventType "swiss"]
[EventCountry "FRA"]
[SourceTitle "playchess.com"]
[Source "ChessBase"]
[SourceQuality "1"]
[TimeControl "5400+30"]

1. d4 d6 2. c4 e5 3. Nc3 exd4 4. Qxd4 Nc6 5. Qd2 Nf6 6. e4 g6 7. b3 Bg7 8. Bb2 O-O 9. Bd3 Re8 10. Nge2 a6 11. O-O Nb4 12. Bb1 Rb8 13. Nd4 Bd7 14. Re1 b5 15. Nd5 Nc6 1/2-1/2

[Event "94th Paris-ch  2019"]
[Site "Paris"]
[Date "2019.07.10"]
[Round "5.14"]
[White "Rahul Srivatshav P"]
[Black "Fitzsimons, David"]
[Result "1/2-1/2"]
[WhiteElo "2414"]
[BlackElo "2301"]
[Annotator "TA"]
[PlyCount "38"]
[EventDate "2019.07.07"]
[EventType "swiss"]
[EventCountry "FRA"]
[SourceTitle "playchess.com"]
[Source "ChessBase"]
[SourceQuality "1"]

{[%evp 24,38,53,50,47,56,59,54,60,50,62,28,164,164,173,134,234]} 1. e4 e6 2. d4 d5 3. Nd2 Nf6 4. e5 Nfd7 5. Bd3 c5 6. c3 Nc6 7. Ne2 cxd4 8. cxd4 f6 9. exf6 Qxf6 10. Nf3 h6 11. O-O Bd6 12. Ng3 O-O 13. Bb1 Rf7 {C06: French Tarrasch: 3...Nf6 4 e5 Nfd7 5 Bd3 main lines} 14. Nh5 Qe7 15. Bg6 Rxf3 {[%mdl 64] Remove Defender. White is slightly better.} 16. Qxf3 Nxd4 17. Qd3 $146 (17. Qd1 $5 {[%cal Rd1d4]} Ne5 18. Qxd4 Nxg6 19. Bd2 $11) ({Predecessor:} 17. Qd1 Ne5 18. Qxd4 Nxg6 19. Be3 Qf7 20. f4 Ne7 {½-½ (84) Petenyi,T (2448)-Antal,G (2529) Zalakaros 2014}) 17... e5 {[#]} (17... Nf8 $1 $11) 18. Be3 $1 $18 {[%cal Re3d4]} Nc5 19. Qd2 Nce6 (19... Qe6 $16 20. Bb1 Bd7) 1/2-1/2

[Event "94th Paris-ch  2019"]
[Site "Paris"]
[Date "2019.07.10"]
[Round "5.17"]
[White "Le Quang, Kim"]
[Black "Le Goff, Ronan"]
[Result "0-1"]
[WhiteElo "2243"]
[BlackElo "2281"]
[Annotator "RC"]
[PlyCount "72"]
[EventDate "2019.07.07"]
[EventType "swiss"]
[EventCountry "FRA"]
[SourceTitle "playchess.com"]
[Source "ChessBase"]
[SourceQuality "1"]
[TimeControl "5400+30"]

1. c4 e6 2. g3 d5 3. Bg2 Nf6 4. Nf3 Be7 5. O-O O-O 6. b3 d4 7. e3 c5 8. exd4 cxd4 9. Ba3 Nc6 10. Bxe7 Qxe7 11. Re1 e5 12. d3 Bf5 13. a3 a5 14. Ra2 Rfe8 15. Rae2 Qd6 16. Nh4 Bg4 17. Bf3 Bxf3 18. Nxf3 Nd7 19. Nfd2 Qg6 20. Qc2 Nc5 21. Ne4 Ne6 22. Kh1 f5 23. Nd6 Red8 24. Nb5 Rac8 25. f3 Nc5 26. Nd2 Rf8 27. Rg2 Rf7 28. Qb1 Rcf8 29. b4 axb4 30. axb4 Na6 31. c5 Naxb4 32. Nd6 Re7 33. N2c4 Nd5 34. Rb2 Qh5 35. Kg2 Re6 36. Rxb7 Nf4+ 0-1

[Event "94th Paris-ch  2019"]
[Site "Paris"]
[Date "2019.07.11"]
[Round "5.19"]
[White "Smith, Matthieu"]
[Black "Vardaan Nagpal"]
[Result "0-1"]
[WhiteElo "2208"]
[BlackElo "2355"]
[Annotator "ChessBase"]
[PlyCount "99"]
[EventDate "2019.07.07"]
[EventType "swiss"]
[EventCountry "FRA"]
[SourceTitle "playchess.com"]
[Source "ChessBase"]
[SourceQuality "1"]
[TimeControl "5400+30"]

1. e4 {[%emt 0:52:35]} c5 {[%emt 0:01:16]} 2. Nf3 {[%emt 0:00:07]} d6 {[%emt 0:01:42]} 3. Bb5+ {[%emt 0:00:11]} Bd7 {[%emt 0:00:17]} 4. Bxd7+ {[%emt 0:00:09]} Nxd7 {[%emt 0:00:39]} 5. O-O {[%emt 0:00:14]} Ngf6 {[%emt 0:00:12]} 6. Re1 {[%emt 0:00:08]} Rc8 {[%emt 0:01:23]} 7. c3 {[%emt 0:00:12]} e6 {[%emt 0:01:25]} 8. d4 {[%emt 0:00:11]} cxd4 {[%emt 0:04:41]} 9. cxd4 {[%emt 0:00:03]} Be7 {[%emt 0:01:08]} 10. Nc3 {[%emt 0:04:31]} O-O {[%emt 0:06:01]} 11. Bf4 {[%emt 0:01:01]} Nb6 {[%emt 0:04:09]} 12. Qb3 {[%emt 0:11:44]} d5 {[%emt 0:04:09]} 13. e5 {[%emt 0:01:26]} Nfd7 {[%emt 0:01:04]} 14. Rec1 {[%emt 0:16:18]} Nb8 {[%emt 0:02:26]} 15. a4 {[%emt 0:13:44]} Nc6 {[%emt 0:02:56]} 16. Qd1 {[%emt 0:02:12]} Nc4 {[%emt 0:06:37]} 17. b3 {[%emt 0:06:03]} N4a5 {[%emt 0:00:26]} 18. Ne2 {[%emt 0:00:13]} Qb6 {[%emt 0:00:54]} 19. Rc3 {[%emt 0:02:01]} Nb4 {[%emt 0:03:08]} 20. Bd2 {[%emt 0:08:21]} Rxc3 {[%emt 0:03:28]} 21. Bxc3 {[%emt 0:00:04]} Rc8 {[%emt 0:01:09]} 22. h4 {[%emt 0:02:02]} Qa6 {[%emt 0:06:00]} 23. g3 {[%emt 0:03:06]} Nac6 {[%emt 0:12:54]} 24. Kg2 {[%emt 0:05:03]} Qd3 {[%emt 0:02:46]} 25. Qxd3 {[%emt 0:00:16]} Nxd3 {[%emt 0:00:06]} 26. Rd1 {[%emt 0:00:03]} Ndb4 {[%emt 0:01:32]} 27. Ne1 {[%emt 0:05:35]} Na2 {[%emt 0:01:37]} 28. Bd2 {[%emt 0:01:13]} Bb4 {[%emt 0:04:23]} 29. Nd3 {[%emt 0:00:24]} Bxd2 {[%emt 0:00:17]} 30. Rxd2 {[%emt 0:00:01]} Ncb4 {[%emt 0:01:41]} 31. Nxb4 {[%emt 0:06:01]} Nxb4 {[%emt 0:00:11]} 32. Kf3 {[%emt 0:00:03]} Kf8 {[%emt 0:02:07]} 33. Ke3 {[%emt 0:01:05]} Ke7 {[%emt 0:00:28]} 34. Rd1 {[%emt 0:02:11]} Kd7 {[%emt 0:05:05]} 35. Rc1 {[%emt 0:02:01]} Rxc1 {[%emt 0:00:35]} 36. Nxc1 {[%emt 0:00:01]} a5 {[%emt 0:04:27]} 37. Kd2 {[%emt 0:00:05]} h5 {[%emt 0:01:46]} 38. Ne2 {[%emt 0:00:05]} g6 {[%emt 0:00:41]} 39. f3 {[%emt 0:00:02]} Nc6 {[%emt 0:01:10]} 40. Ke3 {[%emt 0:00:38]} Ke7 {[%emt 0:00:13]} 41. Nc3 {[%emt 0:00:49]} f6 {[%emt 0:01:23]} 42. exf6+ {[%emt 0:02:05]} Kxf6 {[%emt 0:00:04]} 43. g4 {[%emt 0:00:03]} g5 {[%emt 0:02:50]} 44. hxg5+ {[%emt 0:01:19]} Kxg5 {[%emt 0:00:03]} 45. gxh5 {[%emt 0:00:04]} Kxh5 {[%emt 0:00:05]} 46. Nb5 {[%emt 0:00:15]} Kg5 {[%emt 0:00:24]} 47. Nd6 {[%emt 0:00:40]} Nd8 {[%emt 0:00:09]} 48. Nc8 {[%emt 0:01:32]} Kf6 {[%emt 0:02:36]} 49. Nd6 {[%emt 0:00:45]} Ke7 {[%emt 0:01:17]} 50. Nb5 {[%emt 0:00:09]} 0-1